00686nam a2200229Ia 450000500170000000800410001702000240005804000190008204100120010108200150011310000260012824501210015425000120027526000430028730000140033050400190034463000130036365000270037665100220040370000210042585000100044620240422132900.0131103s9999 xx 000 0 und d a9.79E+12cRs.185.00 aLoreto College aEnglish a515.4bMAI aMaity,Kantish Chandra aIntegral calculusb Including an introduction to differential equations cKantish Chandra Maity and Ramkrishna Ghosh a6th ed. aKolkatabNew Central Book Agencyc2012 axii,344p  aIncludes index aCalculus aDifferential equations aIntegral calculus aGhosh,Ramkrishna aLCLIB